Kane Chronicles Trivia - Statistics

General Stats
  • This quiz has been taken 660 times
    639 since last reset
  • The average score is 9 of 12
Answer Stats
Hint Answer % Correct
Who is Carter's sister? Sadie
100%
Name one god Carter's father released from the Rosetta Stone. Horus, Isis, Set, Nephthys, Osiris
92%
Which goddess possessed Sadie? Isis
89%
Who was Bast the goddess of? The Goddess of Cats
89%
Who is the first goddess Carter and Sadie met? Bast
85%
In the Throne of Fire, who was the dwarf god? Bes
77%
Who is the god of funerals? Anubis
76%
What was the name of the serpent Bast had to battle with? Apophis
74%
What did Amos summon to reach New York? An Egyptian reed boat
68%
What was the first spell Sadie used? Ha-di
64%
Who is the goddess of hippos? Tawaret
38%
What happens if someone holds the feather of truth and lies? They burn up; die
28%
No matching quizzes found
Score Distribution
Percent of People with Each Score
Percentile by Number Answered
Your Score History
You have not taken this quiz since the last reset